000 00419nam a2200181Ia 4500
001 1790
005 20260306143754.0
008 260306t2003||||xx |||||||||||||| ||spa||
041 _aESP
082 _a155.4
_bO94
100 _aOwens, Robert E., Jr.
_eAUT
245 0 _aDesarrollo del lenguaje
260 _c2003
300 _a463 páginas :
_c24 cm.
650 _aGEN
654 _aCPS
942 _cLIB
_dJUS
_fJUS
_2ddc
_n
999 _c1790
_d1790